Kabale University Library Catalogue

Aiding democracy abroad : (Record no. 6016)

MARC details
000 -LEADER
fixed length control field 01407cam a22003974a 4500
001 - CONTROL NUMBER
control field 11770283
003 - CONTROL NUMBER IDENTIFIER
control field OSt
005 - DATE AND TIME OF LATEST TRANSACTION
control field 20260205115301.0
008 - FIXED-LENGTH DATA ELEMENTS--GENERAL INFORMATION
fixed length control field 990812s1999 dcu b 001 0 eng
010 ## - LIBRARY OF CONGRESS CONTROL NUMBER
LC control number 99045358
020 ## - INTERNATIONAL STANDARD BOOK NUMBER
International Standard Book Number 0870031686
Qualifying information cloth
020 ## - INTERNATIONAL STANDARD BOOK NUMBER
International Standard Book Number 0870031694
Qualifying information paper
020 ## - INTERNATIONAL STANDARD BOOK NUMBER
International Standard Book Number 9780870031687
Qualifying information (cloth)
020 ## - INTERNATIONAL STANDARD BOOK NUMBER
International Standard Book Number 9780870031694
Qualifying information (paper)
035 ## - SYSTEM CONTROL NUMBER
System control number 11770283
035 ## - SYSTEM CONTROL NUMBER
System control number (DLC) 99045358
040 ## - CATALOGING SOURCE
Original cataloging agency DLC
Transcribing agency KABLIB
Modifying agency KABLIB
042 ## - AUTHENTICATION CODE
Authentication code pcc
050 00 - LIBRARY OF CONGRESS CALL NUMBER
Classification number JC421
Item number .C246 1999
082 00 - DEWEY DECIMAL CLASSIFICATION NUMBER
Classification number 321.8
Edition number 23
Item number CAR
100 1# - MAIN ENTRY--PERSONAL NAME
Personal name Carothers, Thomas,
Dates associated with a name 1956-
9 (RLIN) 15196
245 10 - TITLE STATEMENT
Title Aiding democracy abroad :
Remainder of title the learning curve /
Statement of responsibility, etc. Thomas Carothers.
260 ## - PUBLICATION, DISTRIBUTION, ETC.
Place of publication, distribution, etc. Washington, DC :
Name of publisher, distributor, etc. Carnegie Endowment for International Peace,
Date of publication, distribution, etc. c1999.
300 ## - PHYSICAL DESCRIPTION
Extent x, 411 p. ;
Dimensions 23 cm.
336 ## - CONTENT TYPE
Content type term text
Content type code txt
Source rdacontent
337 ## - MEDIA TYPE
Media type term unmediated
Media type code n
Source rdamedia
338 ## - CARRIER TYPE
Carrier type term volume
Carrier type code nc
Source rdacarrier
504 ## - BIBLIOGRAPHY, ETC. NOTE
Bibliography, etc. note Includes bibliographical references (p. 383-400) and index.
650 #0 - SUBJECT ADDED ENTRY--TOPICAL TERM
Topical term or geographic name entry element Democracy.
650 #0 - SUBJECT ADDED ENTRY--TOPICAL TERM
Topical term or geographic name entry element Democratization.
650 #0 - SUBJECT ADDED ENTRY--TOPICAL TERM
Topical term or geographic name entry element Technical assistance.
9 (RLIN) 10262
906 ## - LOCAL DATA ELEMENT F, LDF (RLIN)
a 7
b cbc
c orignew
d 1
e ocip
f 19
g y-gencatlg
942 ## - ADDED ENTRY ELEMENTS (KOHA)
Source of classification or shelving scheme Dewey Decimal Classification
Koha item type Book
Holdings
Withdrawn status Lost status Source of classification or shelving scheme Damaged status Not for loan Home library Current library Date acquired Total Checkouts Full call number Barcode Date last seen Price effective from Koha item type
    Dewey Decimal Classification     Mukombe Library Mukombe Library 05.02.2026   321.8 CAR 14511 05.02.2026 05.02.2026 Book

Kabale University Library | Kabale University P.O Box 317, Kabale, Uganda
Tel : +256754017033, +256774661503 E-mail : library@kab.ac.ug